| 000 | 00371nam a2200157Ia 4500 | ||
|---|---|---|---|
| 008 | 241014s9999||||xx |||||||||||||| ||und|| | ||
| 020 | _a9789699097003 | ||
| 060 | _aRA 395 A 2007 | ||
| 100 | _aAbdul, Qaddus | ||
| 245 | 0 | _aHospital Management | |
| 250 | _a2007 | ||
| 260 |
_aChaklala _bDr. Abdul Qaddus |
||
| 300 | _a167 | ||
| 650 | _aHealth Care | ||
| 942 |
_bIBHM _cBK |
||
| 999 |
_c16833 _d16833 |
||